[Event "HUN-chT2 Barcza 0304"]
[Site "Hungary"]
[Date "2003.09.28"]
[Round "1"]
[White "Molnar, Tibor H"]
[Black "Borcsok, Gyula"]
[Result "1-0"]
[WhiteElo "1956"]
[BlackElo "1645"]
[PlyCount "69"]
[EventDate "2003.08.29"]
[EventType "team"]
[EventRounds "11"]
[EventCountry "HUN"]
[SourceTitle "EXT 2009"]
[Source "ChessBase"]
[SourceDate "2008.11.26"]
[SourceVersion "1"]
[SourceVersionDate "2008.11.26"]
[SourceQuality "1"]
[WhiteTeam "Hajduszoboszlo"]
[BlackTeam "Derecske"]
[WhiteTeamCountry "HUN"]
[BlackTeamCountry "HUN"]

1. e4 e5 2. f4 exf4 3. Nf3 Nc6 4. Nc3 d6 5. d4 Bg4 6. Bxf4 Bxf3 7. gxf3 Be7 8. Bb5 a6 9. Ba4 b5 10. Nxb5 axb5 11. Bxb5 Bh4+ 12. Bg3 Bxg3+ 13. hxg3 Nge7 14. d5 Rb8 15. Qd3 0-0 16. dxc6 Ng6 17. f4 Qf6 18. 0-0-0 Rfe8 19. Rh5 Qe7 20. Re1 Nf8 21. Bc4 g6 22. Rh2 Qf6 23. c3 Rb6 24. Qd4 Qxd4 25. cxd4 Reb8 26. d5 Kg7 27. a4 h5 28. b3 Nh7 29. a5 Rxb3 30. Bxb3 Rxb3 31. Ra2 Rb8 32. a6 Nf6 33. a7 Ra8 34. Re3 Ng4 35. Rb3 1-0